Sports Quiz

Random Sports or Football Quiz

Closest NFL Teams to Mexico Quiz Stats

 Plays Quiz Updated Feb 8, 2018

Score 0/16 Timer 03:00
5 Plays Today
Distance (miles) Team % Correct
330???
91.3%
279???
90.6%
113???
89.3%
118???
87.5%
122???
85.1%
460???
79.4%
510???
77.1%
435???
75.6%
Distance (miles) Team % Correct
556???
69.2%
516???
61.7%
753???
58.3%
858???
55.7%
521???
53.8%
935???
52.5%
688???
52.3%
Mine???
37%

You're not logged in!

Compare scores with friends on all Sporcle quizzes.
OR
Log In

You Might Also Like...

Show Comments

Extras

Top Quizzes Today


Score Distribution

Your Account Isn't Verified!

In order to create a playlist on Sporcle, you need to verify the email address you used during registration. Go to your Sporcle Settings to finish the process.

Report this User

Report this user for behavior that violates our Community Guidelines.

Details: